000 00624nam a2200169 a 4500
008 160613c20009999||||||||||||||||| || u
020 _a0471380156
050 _aCD/TK 5103.2 Hje
100 _aHjelm, Johan
245 1 0 _aDesigning wireless information services
_h[cd-rom]
260 _aNew York
_bWiley Computer Pub
_c2000.
300 _a4 3/4 in.
350 _a0.00
650 _aINFORMATION STORAGE AND RETRIEVAL SYSTEMS--GEOGRAPHY
650 0 _aWIRELESS COMMUNICATION SYSTEMS
995 _FCBU-MAIN LIBRARY (Kitwe)
_I0.00
_M1
_UAVAILABLE
_WJun 13, 2016
_Ze-Media Collection
999 _c39811
_d39811